000
00334nam a22001457a 4500
008
210507b ||||| |||| 00| 0 eng d
020
_a
9780470117569
041
_a
eng
080
_a
004
082
_a
004
100
_a
28
101
_a
SHKI
245
_a
Professional SharePoint 2007 Development
_c
John Holliday
942
_2
udc
_c
BK
999
_c
57092
_d
57092